| 000 | 00361nam a2200133Ia 4500 | ||
|---|---|---|---|
| 005 | 20260326235505.0 | ||
| 008 | 260326s9999||||xx |||||||||||||| ||und|| | ||
| 100 | _aMijares Bracho, Carlos | ||
| 245 | 0 |
_aRuth Alvarado : _b La vocación de una Ciudad / _cCarlos Mijares Bracho |
|
| 260 | _bMenhir Libros | ||
| 300 | _a69 p. | ||
| 650 | _aARQUITECTOS | ||
| 942 | _cBK | ||
| 999 |
_c8155 _d8155 |
||